|
|
|
|
| LEADER |
02311nam a22004815i 4500 |
| 001 |
978-3-540-31395-3 |
| 003 |
DE-He213 |
| 005 |
20151204174640.0 |
| 007 |
cr nn 008mamaa |
| 008 |
100806s2005 gw | s |||| 0|eng d |
| 020 |
|
|
|a 9783540313953
|9 978-3-540-31395-3
|
| 024 |
7 |
|
|a 10.1007/b135820
|2 doi
|
| 040 |
|
|
|d GrThAP
|
| 050 |
|
4 |
|a TP248.13-248.65
|
| 072 |
|
7 |
|a TCB
|2 bicssc
|
| 072 |
|
7 |
|a SCI010000
|2 bisacsh
|
| 082 |
0 |
4 |
|a 660.6
|2 23
|
| 245 |
1 |
0 |
|a Marine Biotechnology II
|h [electronic resource] /
|c edited by Roland Ulber, Yves Le Gal.
|
| 264 |
|
1 |
|a Berlin, Heidelberg :
|b Springer Berlin Heidelberg,
|c 2005.
|
| 300 |
|
|
|a XII, 262 p.
|b online resource.
|
| 336 |
|
|
|a text
|b txt
|2 rdacontent
|
| 337 |
|
|
|a computer
|b c
|2 rdamedia
|
| 338 |
|
|
|a online resource
|b cr
|2 rdacarrier
|
| 347 |
|
|
|a text file
|b PDF
|2 rda
|
| 490 |
1 |
|
|a Advances in Biochemical Engineering/Biotechnology,
|x 0724-6145 ;
|v 97
|
| 505 |
0 |
|
|a 1 G. Liebezeit: Aquaculture of "Non-Food Organisms" for Natural Substance Production -- 2 S. Lang, M. Hüners, V. Lurtz: Bioprocess Engineering Data on the Cultivation of Marine Prokaryotes and Fungi -- 3 K. Muffler, R. Ulber: Downstream Processing in Marine Biotechnology -- 4 M.-L. Bourguet-Kondracki, J.-M. Kornprobst: Marine Pharmacology: Potentialities in the Treatment of Infectious Diseases, Osteoporosis and Alzheimer´s Disease -- 5 J. Hassfeld, M. Kalesse, T. Stellfeld, M. Christmann: Asymmetric Total Synthesis of Complex Marine Natural Products -- 6 K.H. Chu, C.Y. Tang, A. Wu, P.S.C. Leung: Seafood Allergy: Lessons from Clinical Symptoms, Immunological Mechanisms and Molecular Biology.-.
|
| 650 |
|
0 |
|a Chemistry.
|
| 650 |
|
0 |
|a Biotechnology.
|
| 650 |
|
0 |
|a Aquatic ecology.
|
| 650 |
|
0 |
|a Microbiology.
|
| 650 |
1 |
4 |
|a Chemistry.
|
| 650 |
2 |
4 |
|a Biotechnology.
|
| 650 |
2 |
4 |
|a Freshwater & Marine Ecology.
|
| 650 |
2 |
4 |
|a Microbiology.
|
| 700 |
1 |
|
|a Ulber, Roland.
|e editor.
|
| 700 |
1 |
|
|a Gal, Yves Le.
|e editor.
|
| 710 |
2 |
|
|a SpringerLink (Online service)
|
| 773 |
0 |
|
|t Springer eBooks
|
| 776 |
0 |
8 |
|i Printed edition:
|z 9783540256694
|
| 830 |
|
0 |
|a Advances in Biochemical Engineering/Biotechnology,
|x 0724-6145 ;
|v 97
|
| 856 |
4 |
0 |
|u http://dx.doi.org/10.1007/b135820
|z Full Text via HEAL-Link
|
| 912 |
|
|
|a ZDB-2-CMS
|
| 950 |
|
|
|a Chemistry and Materials Science (Springer-11644)
|